<?xml version="1.0" encoding="UTF-8"?>
<collection xmlns="http://www.loc.gov/MARC21/slim">
<record>
  <controlfield tag="001">150547</controlfield>
  <controlfield tag="005">20260217205549.0</controlfield>
  <datafield tag="024" ind1="7" ind2=" ">
    <subfield code="2">doi</subfield>
    <subfield code="a">10.1016/j.numecd.2024.103811</subfield>
  </datafield>
  <datafield tag="024" ind1="8" ind2=" ">
    <subfield code="2">sideral</subfield>
    <subfield code="a">142607</subfield>
  </datafield>
  <datafield tag="037" ind1=" " ind2=" ">
    <subfield code="a">ART-2024-142607</subfield>
  </datafield>
  <datafield tag="041" ind1=" " ind2=" ">
    <subfield code="a">eng</subfield>
  </datafield>
  <datafield tag="100" ind1=" " ind2=" ">
    <subfield code="a">Skapino, Estela</subfield>
  </datafield>
  <datafield tag="245" ind1=" " ind2=" ">
    <subfield code="a">Independent effect of body fat content on inflammatory biomarkers in children and adolescents: The GENOBOX study</subfield>
  </datafield>
  <datafield tag="260" ind1=" " ind2=" ">
    <subfield code="c">2024</subfield>
  </datafield>
  <datafield tag="506" ind1="0" ind2=" ">
    <subfield code="a">Access copy available to the general public</subfield>
    <subfield code="f">Unrestricted</subfield>
  </datafield>
  <datafield tag="520" ind1="3" ind2=" ">
    <subfield code="a">Background and aims: To assess the relationship between body composition indicators and inﬂammatory bio-markers in children and adolescents of the GENOBOX study.
Methods and results: Anthropometry data from 264 subjects from the subsample of Zaragoza (Spain) included: weight, height, waist circumference, body mass index and triponderal index. Body composition was determined by Dual-energy X-ray Absorptiometry (DXA), obtaining visceral adipose tissue, fat mass index and lean mass index. Age and sex speciﬁc z-scores were computed. Simple linear regression models were performed with in-ﬂammatory biomarkers (hsCRP, IL8, TNF-α, adiponectin, leptin and resistin) as dependent variables, and each of the body composition indices as independent variables.
Prepubertal boys had higher IL8 and resistin values and pubertal girls had higher HOMA-IR and leptin values. hsCPR and leptin were associated with fat mass, both in prepubertals and pubertals, independently of lean mass, and regardless of how body composition was measured. All body composition indices were inversely associated with adiponectin, except for fat mass index in pubertals, but none of them were statistically signiﬁcant. Conclusion: A positive association between hsCRP and leptin with all body fat composition parameters, measured by standard nutritional indicators and DXA, was observed in both sexual stages.</subfield>
  </datafield>
  <datafield tag="536" ind1=" " ind2=" ">
    <subfield code="9">info:eu-repo/grantAgreement/ES/ISCIII-FEDER/PI051968</subfield>
    <subfield code="9">info:eu-repo/grantAgreement/ES/ISCIII-FEDER/PI11-01425</subfield>
    <subfield code="9">info:eu-repo/grantAgreement/ES/ISCIII-FEDER/PI11-02042</subfield>
    <subfield code="9">info:eu-repo/grantAgreement/ES/ISCIII-FEDER/PI11-02059</subfield>
    <subfield code="9">info:eu-repo/grantAgreement/ES/ISCIII-FEDER/PI16-00871</subfield>
    <subfield code="9">info:eu-repo/grantAgreement/ES/ISCIII-FEDER/PI16-01205</subfield>
    <subfield code="9">info:eu-repo/grantAgreement/ES/ISCIII-FEDER/PI16-01301</subfield>
    <subfield code="9">info:eu-repo/grantAgreement/ES/ISCIII/RETICS-RD12-0026-0015</subfield>
    <subfield code="9">info:eu-repo/grantAgreement/ES/MEC/FPU16-03653</subfield>
    <subfield code="9">info:eu-repo/grantAgreement/ES/MICIN-ISCIII/IFI17-00048</subfield>
  </datafield>
  <datafield tag="540" ind1=" " ind2=" ">
    <subfield code="9">info:eu-repo/semantics/openAccess</subfield>
    <subfield code="a">by</subfield>
    <subfield code="u">https://creativecommons.org/licenses/by/4.0/deed.es</subfield>
  </datafield>
  <datafield tag="590" ind1=" " ind2=" ">
    <subfield code="a">3.7</subfield>
    <subfield code="b">2024</subfield>
  </datafield>
  <datafield tag="591" ind1=" " ind2=" ">
    <subfield code="a">CARDIAC &amp; CARDIOVASCULAR SYSTEMS</subfield>
    <subfield code="b">55 / 231 = 0.238</subfield>
    <subfield code="c">2024</subfield>
    <subfield code="d">Q1</subfield>
    <subfield code="e">T1</subfield>
  </datafield>
  <datafield tag="591" ind1=" " ind2=" ">
    <subfield code="a">NUTRITION &amp; DIETETICS</subfield>
    <subfield code="b">39 / 113 = 0.345</subfield>
    <subfield code="c">2024</subfield>
    <subfield code="d">Q2</subfield>
    <subfield code="e">T2</subfield>
  </datafield>
  <datafield tag="591" ind1=" " ind2=" ">
    <subfield code="a">ENDOCRINOLOGY &amp; METABOLISM</subfield>
    <subfield code="b">63 / 193 = 0.326</subfield>
    <subfield code="c">2024</subfield>
    <subfield code="d">Q2</subfield>
    <subfield code="e">T1</subfield>
  </datafield>
  <datafield tag="592" ind1=" " ind2=" ">
    <subfield code="a">1.098</subfield>
    <subfield code="b">2024</subfield>
  </datafield>
  <datafield tag="593" ind1=" " ind2=" ">
    <subfield code="a">Cardiology and Cardiovascular Medicine</subfield>
    <subfield code="c">2024</subfield>
    <subfield code="d">Q1</subfield>
  </datafield>
  <datafield tag="593" ind1=" " ind2=" ">
    <subfield code="a">Nutrition and Dietetics</subfield>
    <subfield code="c">2024</subfield>
    <subfield code="d">Q1</subfield>
  </datafield>
  <datafield tag="593" ind1=" " ind2=" ">
    <subfield code="a">Medicine (miscellaneous)</subfield>
    <subfield code="c">2024</subfield>
    <subfield code="d">Q1</subfield>
  </datafield>
  <datafield tag="593" ind1=" " ind2=" ">
    <subfield code="a">Endocrinology, Diabetes and Metabolism</subfield>
    <subfield code="c">2024</subfield>
    <subfield code="d">Q2</subfield>
  </datafield>
  <datafield tag="594" ind1=" " ind2=" ">
    <subfield code="a">7.0</subfield>
    <subfield code="b">2024</subfield>
  </datafield>
  <datafield tag="655" ind1=" " ind2="4">
    <subfield code="a">info:eu-repo/semantics/article</subfield>
    <subfield code="v">info:eu-repo/semantics/publishedVersion</subfield>
  </datafield>
  <datafield tag="700" ind1=" " ind2=" ">
    <subfield code="a">Gonzalez-Gayan, Laura</subfield>
  </datafield>
  <datafield tag="700" ind1=" " ind2=" ">
    <subfield code="a">Seral-Cortes, Miguel</subfield>
    <subfield code="u">Universidad de Zaragoza</subfield>
    <subfield code="0">(orcid)0000-0001-6899-5938</subfield>
  </datafield>
  <datafield tag="700" ind1=" " ind2=" ">
    <subfield code="a">Sabroso-Lasa, Sergio</subfield>
  </datafield>
  <datafield tag="700" ind1=" " ind2=" ">
    <subfield code="a">Llorente-Cereza, Ma Teresa</subfield>
    <subfield code="u">Universidad de Zaragoza</subfield>
  </datafield>
  <datafield tag="700" ind1=" " ind2=" ">
    <subfield code="a">Leis, Rosaura</subfield>
  </datafield>
  <datafield tag="700" ind1=" " ind2=" ">
    <subfield code="a">Aguilera, Concepción M.</subfield>
  </datafield>
  <datafield tag="700" ind1=" " ind2=" ">
    <subfield code="a">Gil-Campos, Mercedes</subfield>
  </datafield>
  <datafield tag="700" ind1=" " ind2=" ">
    <subfield code="a">Moreno, Luis A.</subfield>
    <subfield code="u">Universidad de Zaragoza</subfield>
    <subfield code="0">(orcid)0000-0003-0454-653X</subfield>
  </datafield>
  <datafield tag="700" ind1=" " ind2=" ">
    <subfield code="a">Bueno-Lozano, Gloria</subfield>
    <subfield code="u">Universidad de Zaragoza</subfield>
    <subfield code="0">(orcid)0000-0002-0902-387X</subfield>
  </datafield>
  <datafield tag="710" ind1="2" ind2=" ">
    <subfield code="1">1006</subfield>
    <subfield code="2">255</subfield>
    <subfield code="a">Universidad de Zaragoza</subfield>
    <subfield code="b">Dpto. Fisiatría y Enfermería</subfield>
    <subfield code="c">Área Enfermería</subfield>
  </datafield>
  <datafield tag="710" ind1="2" ind2=" ">
    <subfield code="1">1011</subfield>
    <subfield code="2">670</subfield>
    <subfield code="a">Universidad de Zaragoza</subfield>
    <subfield code="b">Dpto. Microb.Ped.Radio.Sal.Pú.</subfield>
    <subfield code="c">Área Pediatría</subfield>
  </datafield>
  <datafield tag="773" ind1=" " ind2=" ">
    <subfield code="g">35, 4 (2024), 103811 [8 pp.]</subfield>
    <subfield code="p">NMCD, Nutr. Metab. Cardiovasc. Dis.</subfield>
    <subfield code="t">Nutrition, Metabolism and Cardiovascular Diseases</subfield>
    <subfield code="x">0939-4753</subfield>
  </datafield>
  <datafield tag="856" ind1="4" ind2=" ">
    <subfield code="s">961270</subfield>
    <subfield code="u">http://zaguan.unizar.es/record/150547/files/texto_completo.pdf</subfield>
    <subfield code="y">Versión publicada</subfield>
  </datafield>
  <datafield tag="856" ind1="4" ind2=" ">
    <subfield code="s">2508165</subfield>
    <subfield code="u">http://zaguan.unizar.es/record/150547/files/texto_completo.jpg?subformat=icon</subfield>
    <subfield code="x">icon</subfield>
    <subfield code="y">Versión publicada</subfield>
  </datafield>
  <datafield tag="909" ind1="C" ind2="O">
    <subfield code="o">oai:zaguan.unizar.es:150547</subfield>
    <subfield code="p">articulos</subfield>
    <subfield code="p">driver</subfield>
  </datafield>
  <datafield tag="951" ind1=" " ind2=" ">
    <subfield code="a">2026-02-17-20:39:32</subfield>
  </datafield>
  <datafield tag="980" ind1=" " ind2=" ">
    <subfield code="a">ARTICLE</subfield>
  </datafield>
</record>
</collection>